SAP : (Record no. 209224)
[ view plain ]
| 000 -LEADER | |
|---|---|
| fixed length control field | 00733nam a2200217Ia 4500 |
| 005 - DATE AND TIME OF LATEST TRANSACTION | |
| control field | 20220302091923.0 |
| 008 - FIXED-LENGTH DATA ELEMENTS--GENERAL INFORMATION | |
| fixed length control field | 210716s2013 xx 000 0 und d |
| 020 ## - INTERNATIONAL STANDARD BOOK NUMBER | |
| International Standard Book Number | 9780070656727 |
| 040 ## - CATALOGING SOURCE | |
| Transcribing agency | AIMIT LIBRARY |
| 041 ## - LANGUAGE CODE | |
| Language code of text/sound track or separate title | eng |
| 082 ## - DEWEY DECIMAL CLASSIFICATION NUMBER | |
| Classification number | 658.8102 |
| Edition number | 1 |
| Item number | FAUA |
| 100 ## - MAIN ENTRY--PERSONAL NAME | |
| Personal name | Faujdar, Ashok. |
| 9 (RLIN) | 22197 |
| 245 ## - TITLE STATEMENT | |
| Title | SAP : |
| Remainder of title | sales and distribution certification guide / |
| Statement of responsibility, etc. | By Ashok Faujdar and Binny Kumari Choudhary. |
| 250 ## - EDITION STATEMENT | |
| Edition statement | 1st ed. |
| 260 ## - PUBLICATION, DISTRIBUTION, ETC. | |
| Place of publication, distribution, etc. | New Delhi : |
| Name of publisher, distributor, etc. | Tata McGraw Hill Publishing Company Ltd , |
| Date of publication, distribution, etc. | 2013. |
| 300 ## - PHYSICAL DESCRIPTION | |
| Extent | Xii, 171p. ; |
| Dimensions | 22.5 cm. |
| 650 ## - SUBJECT ADDED ENTRY--TOPICAL TERM | |
| Topical term or geographic name entry element | Enterprise structures |
| 9 (RLIN) | 22198 |
| 650 ## - SUBJECT ADDED ENTRY--TOPICAL TERM | |
| Topical term or geographic name entry element | Sales document structure |
| 9 (RLIN) | 22199 |
| 700 ## - ADDED ENTRY--PERSONAL NAME | |
| Personal name | Choudhary, Binny Kumari. |
| 9 (RLIN) | 22200 |
| 942 ## - ADDED ENTRY ELEMENTS (KOHA) | |
| Source of classification or shelving scheme | Dewey Decimal Classification |
| Koha item type | Book |
| Edition | 1st |
| Call number prefix | 658.8102 FAUA |
| Withdrawn status | Lost status | Source of classification or shelving scheme | Damaged status | Not for loan | Collection code | Home library | Current library | Date acquired | Cost, normal purchase price | Inventory number | Total Checkouts | Full call number | Barcode | Date last seen | Cost, replacement price | Price effective from | Koha item type |
|---|---|---|---|---|---|---|---|---|---|---|---|---|---|---|---|---|---|
| Dewey Decimal Classification | MBA | St Aloysius Institute of Management & Information Technology | St Aloysius Institute of Management & Information Technology | 08/14/2015 | 500.00 | Bill no:230; Bill dt:2015-08-08 | 658.8102 FAUA | MBA11790 | 05/23/2026 | 400.00 | 07/16/2021 | Book | |||||
| Dewey Decimal Classification | MBA | St Aloysius Institute of Management & Information Technology | St Aloysius Institute of Management & Information Technology | 08/14/2015 | 500.00 | Bill no:230; Bill dt:2015-08-08 | 658.8102 FAUA | MBA11791 | 05/23/2026 | 400.00 | 07/16/2021 | Book | |||||
| Dewey Decimal Classification | MBA | St Aloysius Institute of Management & Information Technology | St Aloysius Institute of Management & Information Technology | 08/14/2015 | 500.00 | Bill no:230; Bill dt:2015-08-08 | 658.8102 FAUA | MBA11792 | 05/23/2026 | 400.00 | 07/16/2021 | Book |